Competition in Global Industries (Record no. 4091)
[ view plain ]
| 000 -LEADER | |
|---|---|
| fixed length control field | 01547cam a22001934a 4500 |
| 005 - ΗΜΕΡΟΜΗΝΙΑ ΚΑΙ ΩΡΑ ΤΕΛΕΥΤΑΙΑΣ ΕΝΗΜΕΡΩΣΗΣ | |
| Πεδίο ελέγχου | 20250605164136.0 |
| 008 - FIXED-LENGTH DATA ELEMENTS--GENERAL INFORMATION | |
| Πεδίο ελέγχου σταθερού μήκους | 250528s ||||||||||||||||||||||||d |
| 035 ## - SYSTEM CONTROL NUMBER | |
| System control number | 18778 |
| 020 ## - ISBN | |
| ISBN | 875841406 |
| 040 ## - ΠΗΓΗ ΚΑΤΑΛΟΓΟΓΡΑΦΗΣΗΣ | |
| Φορέας πρωτότυπης καταλογογράφησης | MC Athens Campus Library |
| Γλώσσα καταλογογράφησης | Ελληνικά, Μοντέρνα (1453-) |
| Modifying agency | MC Athens Campus Library |
| Κανόνες περιγραφικής καταλογογράφησης | AACR2 |
| 245 1# - ΤΙΤΛΟΣ ΚΑΙ ΔΗΛΩΣΗ ΥΠΕΥΘΥΝΟΤΗΤΑΣ | |
| Τίτλος | Competition in Global Industries |
| 260 ## - PUBLICATION, DISTRIBUTION, ETC. | |
| Name of publisher, distributor, etc. | Harvard Business School Press, |
| Date of publication, distribution, etc. | 1986 |
| 300 ## - PHYSICAL DESCRIPTION | |
| Extent | 584 |
| 520 ## - SUMMARY, ETC. | |
| Summary, etc. | A helpful guide through the murky and often treacherous waters of global competition. Foreword, Preface, Introduction and Summary, Conceptual Foundations, Competition in Global Industries: A Conceptual Framework, Modeling Global Competition, The Functional Agenda, Coordinating International Manufacturing and Technology, Three Roles of International Marketing in Global Strategy, Finance and Global Competition: Exploiting Financial Scope and Coping with Volatile Exchange Rates, The Capital Factor: Competing for Capital in a Global Environment, Government Policies and Global Industries, Competitive Strategies in Global Industries: A View from Host Governments, Government Relations in the Global Firm, Organizational Forms and Challenges, Coalitions and Global Strategy, Patterns of International Coalition Activity, Building and Managing the Transnational: The New Organizational Challenge, Empirical Evidence of Global Competition, The Evolution of Modern Global Competition, Entry of Foreign Multinationals into U.S. Manufacturing Industries, Contributors, Index. |
| 700 1# - ΠΡΟΣΘΕΤΗ ΑΝΑΓΡΑΦΗ--ΦΥΣΙΚΟ ΠΡΟΣΩΠΟ | |
| Personal name | Porter Michael E |
| 9 (RLIN) | 2745 |
| 942 ## - ADDED ENTRY ELEMENTS (KOHA) | |
| Koha item type | Books |
| Τύπος τεκμηρίου | Βιβλιοθήκη | Τρέχουσα τοποθεσία | Barcode | Αριθμός εισαγωγής | Ημερομηνία απόκτησης | Ταξιθετικό σύμβολο | Αριθμός αντιτύπου | Κατάσταση απόσυρσης | Κατάσταση χαμένου | Κατάσταση κατεστραμμένου | Μη δανεισμός | Σύνολο δανεισμών | Ημερομηνία τελευταίας εμφάνισης | Η τιμή ισχύει από |
|---|---|---|---|---|---|---|---|---|---|---|---|---|---|---|
| Books | MC Athens Campus Library | MC Athens Campus Library | 9780000040909 | 3689 | 05/06/2025 | 338.8/8 POR | 1 | 05/06/2025 | 05/06/2025 |